| 000 | 00472pab a2200169 454500 | ||
|---|---|---|---|
| 008 | 180718b2000-2001 xxu||||| |||| 00| 0 eng d | ||
| 100 | _aSivaprakasam, Sivakumar | ||
| 245 | _aIndia's experience with (partial) capital account convertibility | ||
| 260 | _c2000-2001 | ||
| 300 | _ap.47-57 | ||
| 362 | _aApr-Jun | ||
| 650 | _aCapital flow - India | ||
| 650 | _aCapital flow | ||
| 700 | _aBerg, Hendrik Vanden | ||
| 773 | _aIndian Economic Journal | ||
| 909 | _a50035 | ||
| 999 |
_c50035 _d50035 |
||